00619nam a2200193 a 450000500170000000800410001701000140005802000270007203500130009903700150011204000180012708200110014510000190015624500960017526000390027127000680031030000280037850000190040620090806153656.0080922s2008 ii 001 0 eng  aENG-94657 a9788178298924 c250.00 aEN-78190 bDBAD / PUB adplbEnglish  a658.85 aVieira, Walter aThe new professional salesman :bmeeting challenges in the 21st century /cby Walter Vieira aNew Delhi :bResponse Books,c2008 aB1/I-1 Mohan Cooperative Area, Mathura RosdbNew Delhi e110044 axi, 152 p. c22cm(pbk)  aIncludes index